LIBRARY & INFORMATION CENTRE, KCAET, TAVANUR

ONLINE PUBLIC ACCESS CATALOGUE (OPAC)

Handbook on design and detailing of structures / (Record no. 7117)

MARC details
000 -LEADER
fixed length control field 00466cam a2200181ua 4500
041 ## - LANGUAGE CODE
Language code of text/sound track or separate title eng
082 ## - DEWEY DECIMAL CLASSIFICATION NUMBER
Classification number 028.71624
Item number DAY/HA
100 ## - MAIN ENTRY--AUTHOR NAME
Personal name Dayaratnam, P .
245 ## - TITLE STATEMENT
Title Handbook on design and detailing of structures /
250 ## - EDITION STATEMENT
Edition statement 1 /
260 ## - PUBLICATION, DISTRIBUTION, ETC. (IMPRINT)
Place of publication Allahabad :
Name of publisher Wheeler publishing ,
Year of publication 1996.
300 ## - PHYSICAL DESCRIPTION
Number of Pages 386 ; .
942 ## - ADDED ENTRY ELEMENTS (KOHA)
Koha item type Books
Holdings
Withdrawn status Lost status Damaged status Home library Current library Date acquired Full call number Accession Number Koha item type
      KAUAET KAUAET 07/04/2012 624.1771DAY/HA 19651 Books
free website counter